| 000 | 00337 a2200109 4500 | ||
|---|---|---|---|
| 001 | ART_43489 | ||
| 005 | 20260410162024.0 | ||
| 008 | 260409a | ||
| 245 | 1 | 0 | _aDrug dealing and legitimate self-employment |
| 100 | 1 | _aFairlie, Robert W. | |
| 773 | 0 |
_tJournal of labor economics _g- Vol. 20, NÂș 3 (jul. 2002) _wREV43438 |
|
| 999 |
_c33408 _d33408 |
||